| 000 | 00768nam a2200241 a 4500 | ||
|---|---|---|---|
| 001 | BRCA_4157 | ||
| 005 | 20190320204551.0 | ||
| 008 | 050510s1968----gw-a######---#000-0#ger-# | ||
| 041 | _ager | ||
| 044 | _agw | ||
| 050 | 4 |
_aNC37 _b.G75 1968 |
|
| 245 | 1 | 0 |
_aDas Grosse Buch der Graphik _bMeisterwerke aus 24 Beruhmten Graphischen Kabinetten _cherausgegeben von Hermann Boekhoff und Fritz Winzer. |
| 260 |
_aBrunswick, Alemania _bG. Westermann _cc1968 |
||
| 300 |
_a591 p. _bil. (algunas a color) _c30 cm. |
||
| 500 | _aIncluye dedicatoria al Sr. Franz Mayer | ||
| 500 | _aC188 | ||
| 650 | 1 | 4 |
_aDibujos _910744 |
| 650 | 1 | 4 |
_aImpresos _910745 |
| 700 | 1 |
_aBoekhoff, Hermann _eEditor _910746 |
|
| 700 | 1 |
_aWinzer, Fritz _eEditor _910747 |
|
| 902 | _aGFM | ||
| 942 |
_2lcc _cB |
||
| 999 |
_c3873 _d3873 |
||